Verbos irregulares en inglés (simple past) - Estadísticas

Estadísticas generales
  • Esta prueba ha sido intentada 86 veces
  • La puntuación promedio es 52 de 143
Estadísticas de respuestas
Irregular verbs Meaning SIMPLE PAST % Correcto
BEGIN COMENZAR/EMPEZAR BEGAN
84%
EAT COMER ATE
82%
DRINK BEBER/TOMAR DRANK
82%
COME VENIR CAME
79%
DO HACER DID
79%
BECOME LLEGAR a SER/PONERSE/VOLVERSE BECAME
76%
BET APOSTAR BET
76%
BREAK QUEBRAR/ROMPER BROKE
76%
CHOOSE ESCOGER/ELEGIR/OPTAR CHOSE
76%
DRIVE MANEJAR/CONDUCIR DROVE
76%
BITE MORDER/PICAR BIT
74%
BUY COMPRAR/ADQUIRIR BOUGHT
74%
DRAW DIBUJAR/TRAZAR DREW
74%
FORGET OLVIDAR FORGOT
74%
BUILD CONSTRUIR/FUNDAR/EDIFICAR BUILT
71%
CUT CORTAR/RECORTAR CUT
71%
FIND ENCONTRAR/HALLAR FOUND
71%
GET CONSEGUIR/OBTENER GOT
71%
BEAT VENCER/BATIR BEAT
68%
BLOW SOPLAR BLEW
68%
CATCH COGER/TOMAR/AGARRAR CAUGHT
68%
FALL CAER FELL
68%
GO IR WENT
68%
COST COSTAR COST
66%
HAVE HABER/TENER HAD
66%
FORGIVE PERDONAR FORGAVE
63%
GIVE DAR/REGALAR GAVE
63%
BE SER/ESTAR WAS WERE
63%
FEEL SENTIR FELT
61%
FLY VOLAR/HUIR FLEW
61%
FIGHT PELEAR/LUCHAR FOUGHT
61%
AWAKE DESPERTARSE AWOKE
58%
BID MANDAR/ORDENAR BID
55%
BRING TRAER/LLEVAR BROUGHT
55%
ARISE SURGIR/LEVANTARSE AROSE
53%
GROW CRECER/BROTAR GREW
53%
HEAR OIR HEARD
50%
KEEP GUARDAR/MANTENER KEPT
50%
KNOW SABER/CONOCER KNEW
50%
LOSE PERDER LOST
50%
BEND DOBLAR/ENCORVAR BENT
47%
CAST MOLDEAR/REPARTIR/ECHAR/TIRAR CAST
47%
HIDE OCULTAR/ESCONDER HID
47%
MEET CONOCER/ENCONTRAR MET
47%
RUN CORRER RAN
47%
ABIDE HABITAR/TOLERAR ABODE
45%
BEFALL SUCEDER/ACONTECER/OCURRIR BEFELL
45%
FREEZE CONGELAR/HELAR FROZE
45%
HIT GOLPEAR/PEGAR HIT
45%
LEAVE SALIR/ABANDONAR LEFT
45%
MAKE HACER/FABRICAR MADE
45%
PUT PONER/COLOCAR PUT
45%
BURST ESTALLAR/REVENTAR BURST
42%
DEAL NEGOCIAR/COMERCIAR DEALT
42%
DIG CAVAR/EXCAVAR DUG
42%
SEE VER SAW
42%
HURT HERIR/LASTIMAR HURT
39%
LET DEJAR/PERMITIR LET
39%
READ LEER READ
39%
BEHOLD CONTEMPLAR/MIRAR BEHELD
37%
FORECAST PRONOSTICAR FORECAST
37%
LEND PRESTAR LENT
37%
SAY DECIR SAID
37%
SING CANTAR SANG
37%
SEND ENVIAR/MANDAR SENT
37%
SET ESTABLECER/PONER/FIJAR SET
37%
CREEP ARRASTRARSE/DESLIZARSE/GATEAR CREPT
34%
HANG COLGAR/SUSPENDER HUNG
34%
LAY PONER/COLOCAR/ECHAR LAID
34%
LIE MENTIR LAY
34%
MEAN SIGNIFICAR/QUERER DECIR MEANT
34%
PAY PAGAR PAID
34%
BROADCAST DIFUNDIR/EMITIR BROADCAST
32%
HOLD SOSTENER/RETENER HELD
32%
RIDE CABALGAR/MONTAR RODE
32%
SLEEP DORMIR SLEPT
32%
FLING ARROJAR/LANZAR/TIRAR FLUNG
29%
RID DESHACERSE RID
29%
SIT SENTARSE SAT
29%
SHUT CERRAR/CALLAR SHUT
29%
SELL VENDER SOLD
29%
WIN GANAR WON
29%
WRITE ESCRIBIR/REDACTAR WROTE
29%
BEAR SOPORTAR/AGUANTAR BORE
26%
SPEAK HABLAR SPOKE
26%
DWELL RESIDIR/MORAR/HABITAR DWELT
24%
FORBID PROHIBIR/PRIVAR FORBADE
24%
OVERCOME VENCER/SUPERAR/TRIUNFAR OVERCAME
24%
SINK SUMERGIR/HUNDIR SANK
24%
SHOOT TIRAR/DISPARAR SHOT
24%
WAKE DESPERTARSE WOKE
24%
BIND UNIR/LIGAR/ATAR/AMARRAR BOUND
21%
CLING AGARRAR/AFERRARSE/ADHERIRSE CLUNG
21%
GRIND MOLER/TRITURAR GROUND
21%
MISTAKE ERRAR/EQUIVOCARSE MISTOOK
21%
QUIT DEJAR/ABANDONAR QUIT
21%
RING SONAR/TIMBRAR RANG
21%
RISE SUBIR/ASCENDER ROSE
21%
SHINE BRILLAR/ALUMBRAR SHONE
21%
SHRINK ESCOGER/CONTRAER SHRANK
21%
SWIM NADAR SWAM
21%
STAND PARARSE STOOD
18%
WEAR USAR/LLEVAR PUESTO WORE
18%
HAND IN ENTREGAR/PRESENTAR HANDED IN
16%
HAND OUT DAR/DISTRIBUIR HANDED OUT
16%
LIGHT ENCENDER/PRENDER LIT
16%
SIGN FIRMAR SIGNED
16%
SPEND GASTAR/PASAR el TIEMPO SPEND
16%
STINK APESTAR STANK
16%
STEAL ROBAR/HURTAR STOLE
16%
THINK PENSAR/CREER THOUGHT
16%
UNDERSTAND ENTENDER/COMPRENDER UNDERSTOOD
16%
UPSET ALTERAR/PERTURBAR UPSET
16%
FORSAKE ABANDONAR/DEJAR FORSOOK
13%
SPIT ESCUPIR SPIT
13%
TEACH ENSEÑAR TAUGHT
13%
THROW LANZAR/ARROJAR THREW
13%
TELL DECIR/CONTAR TOLD
13%
TAKE TOMAR/AGARRAR/COGER TOOK
13%
WEEP LAMENTARSE/LLORAR WEPT
13%
WITHDRAW QUITAR/APARTAR/RETIRAR WITHDREW
13%
SHAKE SACUDIR/MENEAR SHOOK
11%
SHOW MOSTRAR/ENSEÑAR SHOWED
11%
SEEK BUSCAR/SOLICITAR SOUGHT
11%
SPLIT DIVIDIRSE/PARTIR SPLIT
11%
SPRING SALTAR/BROTAR SPRANG
11%
SWEEP BARRER SWEPT
11%
WRING ESCURRIR/RETORCER WRUNG
8%
SLIDE RESBALAR SLID
5%
SPREAD DIFUNDIR/PROPAGAR SPREAD
5%
SPIN HACER GIRAR SPUN
5%
STRIVE ESFORZARSE STROVE
5%
STICK PEGAR/ADHERIR STUCK
5%
STING PICAR/GOLPEAR STUNG
5%
SWEAR JURAR SWORE
5%
TEAR RASGAR/DESGARRAR/ARRANCAR TORE
5%
WEAVE TEJER WOVE
5%
STRIKE GOLPEAR/PEGAR STRUCK
3%
SWING BALANCERASE/GIRAR/COLUMPIARSE SWUNG
3%
THRUST CLAVAR/EMPUJAR THRUST
3%
UNDERSTAKE ENCARGARSE/EMPRENDER UNDERTOOK
3%
WIND DEJAR sin ALIENTO WOUND
3%
STRING ATAR STRUNGS
0%
No se encontraron pruebas coincidentes
Distribución de puntuación
Porcentaje de gente con cada puntuación
Porcentaje por número respondido
Historial de tus puntuaciones
No has intentado esta prueba.